Manufacturing and Design /Understanding the Principles of How Things are made (Record no. 3659)

000 -LEADER
fixed length control field 00318nam a2200109Ia 4500
008 - FIXED-LENGTH DATA ELEMENTS--GENERAL INFORMATION
fixed length control field 200302s9999 xx 000 0 und d
100 ## - MAIN ENTRY--PERSONAL NAME
Personal name Erick Templeman and Others
245 ## - TITLE STATEMENT
Title Manufacturing and Design /Understanding the Principles of How Things are made
260 ## - PUBLICATION, DISTRIBUTION, ETC.
Name of publisher, distributor, etc. Elsevier /london
260 ## - PUBLICATION, DISTRIBUTION, ETC.
Date of publication, distribution, etc. 2014
300 ## - PHYSICAL DESCRIPTION
Extent 297
Holdings
Withdrawn status Lost status Damaged status Not for loan Permanent Location Current Location Date acquired Cost, normal purchase price Full call number Barcode Date last seen Price effective from Koha item type
        BMS College of Architecture, Design and Planning BMS College of Architecture, Design and Planning 2020-03-03 4254.23 670 CL-UG66643 2020-03-03 2020-03-03 UG Books from CL
Copyright © 2025, The Librarian, Library and Information Centre, BMSCA D&P, Bengaluru. All Rights Reserved
web counter

Powered by Koha